<?xml version="1.0" encoding="UTF-8"?>
<record
    xmlns:xsi="http://www.w3.org/2001/XMLSchema-instance"
    xsi:schemaLocation="http://www.loc.gov/MARC21/slim http://www.loc.gov/standards/marcxml/schema/MARC21slim.xsd"
    xmlns="http://www.loc.gov/MARC21/slim">

  <leader>00770cam a2200241 a 4500</leader>
  <controlfield tag="003">BD-DhUIB</controlfield>
  <controlfield tag="005">20210322120237.0</controlfield>
  <controlfield tag="008">040823s2006    maua     b    001 0 eng  </controlfield>
  <datafield tag="020" ind1=" " ind2=" ">
    <subfield code="a">007293588X (alk. paper)</subfield>
  </datafield>
  <datafield tag="020" ind1=" " ind2=" ">
    <subfield code="a">978007293588</subfield>
  </datafield>
  <datafield tag="040" ind1=" " ind2=" ">
    <subfield code="a">DLC</subfield>
    <subfield code="c">DLC</subfield>
    <subfield code="d">BD-DhUIB</subfield>
  </datafield>
  <datafield tag="082" ind1="0" ind2="0">
    <subfield code="a">658.4038011</subfield>
    <subfield code="2">22</subfield>
  </datafield>
  <datafield tag="100" ind1="1" ind2=" ">
    <subfield code="a">O'Brien, James A.,</subfield>
    <subfield code="d">1936-</subfield>
    <subfield code="9">150</subfield>
  </datafield>
  <datafield tag="245" ind1="1" ind2="0">
    <subfield code="a">Management information systems /</subfield>
    <subfield code="c">by James A. O'Brien, George M. Marakas.</subfield>
  </datafield>
  <datafield tag="250" ind1=" " ind2=" ">
    <subfield code="a">7th ed.</subfield>
  </datafield>
  <datafield tag="260" ind1=" " ind2=" ">
    <subfield code="a">Boston :</subfield>
    <subfield code="b">McGraw-Hill Irwin,</subfield>
    <subfield code="c">c2006.</subfield>
  </datafield>
  <datafield tag="300" ind1=" " ind2=" ">
    <subfield code="a">xxxi, 592 p. :</subfield>
    <subfield code="b">col. ill. ;</subfield>
    <subfield code="c">28 cm.</subfield>
  </datafield>
  <datafield tag="504" ind1=" " ind2=" ">
    <subfield code="a">Includes bibliographical references (p. 541-550) and indexes.</subfield>
  </datafield>
  <datafield tag="526" ind1=" " ind2=" ">
    <subfield code="a">BBA.</subfield>
  </datafield>
  <datafield tag="650" ind1=" " ind2="0">
    <subfield code="a">Management information systems.</subfield>
    <subfield code="9">151</subfield>
  </datafield>
  <datafield tag="700" ind1="1" ind2=" ">
    <subfield code="a">Marakas, George M.</subfield>
    <subfield code="9">141</subfield>
  </datafield>
  <datafield tag="942" ind1=" " ind2=" ">
    <subfield code="2">ddc</subfield>
    <subfield code="c">BK</subfield>
  </datafield>
  <datafield tag="999" ind1=" " ind2=" ">
    <subfield code="c">81</subfield>
    <subfield code="d">81</subfield>
  </datafield>
  <datafield tag="952" ind1=" " ind2=" ">
    <subfield code="0">0</subfield>
    <subfield code="1">0</subfield>
    <subfield code="2">ddc</subfield>
    <subfield code="4">0</subfield>
    <subfield code="7">0</subfield>
    <subfield code="8">FIC</subfield>
    <subfield code="a">IBAL</subfield>
    <subfield code="b">IBAL</subfield>
    <subfield code="c">GEN</subfield>
    <subfield code="d">2009-06-07</subfield>
    <subfield code="e">Asia Foundation</subfield>
    <subfield code="l">0</subfield>
    <subfield code="o">658.4038 Ob6m 7th ed.</subfield>
    <subfield code="p">00049737</subfield>
    <subfield code="r">2021-03-22 00:00:00</subfield>
    <subfield code="t">C-1</subfield>
    <subfield code="w">2021-03-22</subfield>
    <subfield code="y">BK</subfield>
  </datafield>
  <datafield tag="952" ind1=" " ind2=" ">
    <subfield code="0">0</subfield>
    <subfield code="1">0</subfield>
    <subfield code="2">ddc</subfield>
    <subfield code="4">0</subfield>
    <subfield code="7">0</subfield>
    <subfield code="8">FIC</subfield>
    <subfield code="a">IBAL</subfield>
    <subfield code="b">IBAL</subfield>
    <subfield code="c">GEN</subfield>
    <subfield code="d">2009-06-07</subfield>
    <subfield code="e">Asia Foundation</subfield>
    <subfield code="o">658.4038 Ob6m 7th ed.</subfield>
    <subfield code="p">00049738</subfield>
    <subfield code="r">2021-03-22 00:00:00</subfield>
    <subfield code="t">C-2</subfield>
    <subfield code="w">2021-03-22</subfield>
    <subfield code="y">BK</subfield>
  </datafield>
  <datafield tag="952" ind1=" " ind2=" ">
    <subfield code="0">0</subfield>
    <subfield code="1">0</subfield>
    <subfield code="2">ddc</subfield>
    <subfield code="4">0</subfield>
    <subfield code="7">0</subfield>
    <subfield code="8">FIC</subfield>
    <subfield code="a">IBAL</subfield>
    <subfield code="b">IBAL</subfield>
    <subfield code="c">GEN</subfield>
    <subfield code="d">2009-06-07</subfield>
    <subfield code="e">Asia Foundation</subfield>
    <subfield code="o">658.4038 Ob6m 7th ed.</subfield>
    <subfield code="p">00049739</subfield>
    <subfield code="r">2021-03-22 00:00:00</subfield>
    <subfield code="t">C-3</subfield>
    <subfield code="w">2021-03-22</subfield>
    <subfield code="y">BK</subfield>
  </datafield>
  <datafield tag="952" ind1=" " ind2=" ">
    <subfield code="0">0</subfield>
    <subfield code="1">0</subfield>
    <subfield code="2">ddc</subfield>
    <subfield code="4">0</subfield>
    <subfield code="7">0</subfield>
    <subfield code="8">NFIC</subfield>
    <subfield code="a">IBAL</subfield>
    <subfield code="b">IBAL</subfield>
    <subfield code="c">GEN</subfield>
    <subfield code="d">2007-03-18</subfield>
    <subfield code="e">Purchase</subfield>
    <subfield code="l">1</subfield>
    <subfield code="m">2</subfield>
    <subfield code="o">658.4038</subfield>
    <subfield code="p">00048733</subfield>
    <subfield code="q">2026-02-08</subfield>
    <subfield code="r">2025-10-25 09:59:12</subfield>
    <subfield code="s">2025-10-25</subfield>
    <subfield code="t">C-1</subfield>
    <subfield code="w">2025-10-25</subfield>
    <subfield code="y">BK</subfield>
  </datafield>
</record>
